00686nam a2200169Ia 4500008004000000020001800040082001600058100005000074245008700124260004100211300001400252650004800266690001500314906001200329999001900341952015600360210210b1985 xxu||||| |||| 00| 0 eng d a0 7100 9990 8 a153.15 THOS aTHOMAS (Laurie F) & Harri-Augstein(E Sheila). aSelf -organished learning: foundations of a conversational science for psychology. aLondonbRoutledge & Kegan Paulc1985 axxxvi,388 aLearning psychology Conversational science aPsychology aSG03795 c114748d114748 001040708PsychologyaALbALcPsychologyd2021-02-17eSita Book House, Mangalore.g0.00l0o153.15 THOSpSG03795r2021-02-17 00:00:00w2021-02-17ySG